00771cam a2200229 i 450000100060000000300080000600500170001400800390003103500190007004000230008904100080011208200230012010000190014324501160016226000460027830000260032450400510035065000280040165100410042970000330047070000380050328093BD-RjUL20211209051234.0140329s1976 ii b 001 0 eng a(BD-RjUL)28174 aDLCcDLCdDLCbeng aeng00a301.4492bNAR 19761 aNarain, Iqbal.14aThe rural elite in an Indian state :ba case study of Rajasthan /cIqbal Narain, K. C. Pande, Mohan Lal Sharma. aNew Delhi :bManohar Book Service,c1976. axii, 256 p. ;c22 cm. aIncludes bibliographical references and index. 0aElite (Social sciences) 0aRajasthan (India)xRural conditions.1 aPande, K. C.,ejoint author.1 aSharma, Mohan Lal,ejoint author.